Movies Quiz

Random Movies or Animation Quiz

Shrek Voices Quiz Stats

 Plays Quiz Updated Dec 17, 2018

     
Support Sporcle.
Go Orange.
Score 0/22 Timer 06:00
0 Plays Today
Character Voice % Correct
DonkeyEddie Murphy
96.6%
ShrekMike Myers
93.9%
Princess FionaCameron Diaz
92.7%
Puss In BootsAntonio Banderas
74.3%
Lord FarquaadJohn Lithgow
49.6%
QueenJulie Andrews
48%
KingJohn Cleese
44.4%
ArtieJustin Timberlake
43.1%
Prince CharmingRupert Everett
30.3%
Fairy GodmotherJennifer Saunders
29%
MerlinEric Idle
19.4%
Character Voice % Correct
DorisLarry King
19.3%
Snow WhiteAmy Poehler
15.6%
Monsieur HoodVincent Cassel
15.1%
Gingerbread ManConrad Vernon
14.3%
LancelotJohn Krasinski
12.9%
RapunzelMaya Rudolph
12.2%
Captain HookIan McShane
10.2%
Ship CaptainSeth Rogen
10.2%
MabelRegis Philbin
9.8%
Sleeping BeautyCheri Oteri
9.6%
CinderellaAmy Sedaris
9.3%

From the Vault

First Word Drama Titles

by mvheald

Movies 4m
These are the words that started it all.
Remove Ads.
Support Sporcle.
Get the best of Sporcle when you Go Orange. This ad-free experience offers more features, more stats, and more fun while also helping to support Sporcle. Thank you for becoming a member.

Show Comments

Extras

Top Quizzes Today


Score Distribution

Your Account Isn't Verified!

In order to create a playlist on Sporcle, you need to verify the email address you used during registration. Go to your Sporcle Settings to finish the process.

Report this User

Report this user for behavior that violates our Community Guidelines.

Details: